Quizzes
Events
Quiz Creation
Community
Videos
Private Events
Remove Ads
Sign In
Join for FREE
Feedback
Dark Mode
Quiz Categories
Sports
Geography
Music
Movies
Television
Just For Fun
Miscellaneous
History
Literature
Language
Science
Gaming
Entertainment
Religion
Holiday
For Kids
Quiz Lab
Recent
Popular Today
Quiz Kudos Today
Editor Picks
Curator Picks
Quizzes by...
Day
Popularity
Type
Ratings
Length
Year
Community
Subscriptions
Recent Discussions
Orange Saloon
Badges
Playlists
Quests
Create
Leaderboards
Showdown
Live 5
Trivia Bingo
Activity
Puzzle Library
Sporcle Events
Private Events
Virtual Trivia
Globe League
Become a Host
Pub Owners
SporcleCon
Opinionation
Our Games
Videos
Blog
Mobile Apps
Partnerships
Remove Ads and Go Orange
Feedback
Sports
Athletes
MLB
NBA
NHL
NFL
Soccer
Sports Teams
WWE
NCAA
Football
Premier League
Basketball
Baseball
Hockey
Golf
Tennis
Cricket
Rugby
Auto Racing
Olympics
World Cup
Sports
Athletes
MLB
NBA
NHL
NFL
Soccer
Sports Teams
WWE
NCAA
Football
Premier League
Basketball
Baseball
Hockey
Golf
Tennis
Cricket
Rugby
Auto Racing
Olympics
World Cup
Random Quiz
Search Sporcle
×
Quiz Lab
Quiz Lab
Sports
Auto Racing
Type in answers that appear in a list
Type in answers that appear in a list
Classic
Best Score? Go Orange.
2010 NASCAR Manufacturer by Driver Stats
Can you name the engine manufacturer of the following NASCAR drivers' cars (e.g., Chevrolet)?
By
starkittendanger
3m
36 Questions
486 Plays
486 Plays
486 Plays
Comments
Comments
Give Quiz Kudos
Give Quiz Kudos
-
- Ratings
hide this ad
Forced Order
Answers have to be entered in order
Answers have to be entered in order
Random Order
Randomize order of answers
Randomize order of answers
Replay
Link that replays current quiz
Next Quiz
Link to next quiz in quiz playlist
You Got
0%
They Got
Avg Score
86%
Avg Friend Score
Upgrade to see
Score Distribution
Jump to the score distribution portion of the page
Score
0/36
Timer
03:00
0
Plays Today
Driver
Manufacturer
% Correct
Jeff Gordon
Chevrolet
89.3%
Kevin Harvick
Chevrolet
88.7%
Dale Earnhardt, Jr.
Chevrolet
88.5%
Greg Biffle
Ford
88.5%
Carl Edwards
Ford
88.1%
Kyle Busch
Toyota
87.9%
Mark Martin
Chevrolet
87.7%
Tony Stewart
Chevrolet
87.4%
Jeff Burton
Chevrolet
87.2%
Juan Pablo Montoya
Chevrolet
87.2%
Ryan Newman
Chevrolet
87%
Matt Kenseth
Ford
86.8%
Jamie McMurray
Chevrolet
86.8%
A. J. Allmendinger
Ford
86.8%
Bill Elliott
Ford
86.8%
Jimmie Johnson
Chevrolet
86.4%
Joey Logano
Toyota
86.4%
Martin Truex, Jr.
Toyota
86.2%
Driver
Manufacturer
% Correct
Bobby Labonte
Chevrolet
86.2%
Clint Bowyer
Chevrolet
86%
Regan Smith
Chevrolet
86%
Kasey Kahne
Ford
85.6%
Brian Vickers
Toyota
85.6%
Scott Speed
Toyota
85.6%
Robby Gordon
Toyota
85.4%
Paul Menard
Ford
85.4%
David Reutimann
Toyota
85.2%
Kevin Conway
Ford
85.2%
Kurt Busch
Dodge
85.2%
Travis Kvapil
Ford
85.2%
Sam Hornish, Jr.
Dodge
85%
Elliott Sadler
Ford
84.8%
Max Papis
Toyota
84.6%
Brad Keselowski
Dodge
84.6%
David Ragan
Ford
83.5%
Reed Sorenson
Toyota
83.3%
Quiz Playlist
Details
Report
Send in Message
Add To Playlist
Classic:
Type in answers that appear in a list
Forced Order:
Answers have to be entered in order
Random Order:
Randomize order of answers
Quiz Source
Last Updated: Feb 16, 2017
Quiz Scoreboard
CHALLENGE
Sign Up to Join the Scoreboard
Show All
Scores
Hide
Comments
May contain spoilers
Recently Published
Alphabetical 'K' Countries by Flag Minefield
by ylime102
Geography
3m
Pick 6: Fruits
by JohnFran
Miscellaneous
15s
Click the 1999 NBA Draft
by nibperrychub
Sports
2m
More to Explore
Quiz From the Vault
Featured Blog Post
15 Basketball Trivia Facts You Can Be March Mad About
hide this ad
You Might Also Like...
Tags
Auto Racing Quiz
Cars Quiz
2010
car
Chevrolet
Driver
engine
Manufacturer
NASCAR
Today's Top Quizzes in Sports
Browse Sports
hide this ad
Today's Top Quizzes in Auto Racing
Browse Auto Racing
Top Contributed Quizzes in Sports
1
Don't Strike Out: 3000 Strikeouts
2
MLB 2 truths and a lie: Hall of Fame pitchers
3
Pick 6: NFL Teams
4
Criteria MLB: Left Handed Sluggers
5
MLB Players with Two .350 Batting Average Seasons
6
2022 World Cup Stars
7
Les joueurs à 100 buts en Ligue 1 Uber Eats
8
Millionaire: NBA Finals Edition
9
Pick 6: Minor League Baseball
10
Last 10 Members of the 500 HR Club in Order
Explore More
Trending Topics
Harry Potter
Crossword
Anime
Kpop
NBA
Disney
Marvel
The Office
Pokémon
Puzzle
Soccer
Song
NFL
Country
WWE
hide this ad
More By:
starkittendanger
Quiz
Plays
Rating
Category
Featured
Created
Verbose Country Lyrics
1,897
4.89
Music
Jan 28, 2010
2010 NASCAR Manufacturer by Driver
486
4.50
Sports
May 18, 2010
Nascar drivers by 2009 crew chief
475
3.43
Sports
Dec 31, 2009
Roman groups
57
1.00
History
Jan 1, 2010
Go to Creator's Profile
Score Distribution
Quiz Creator Spotlight
starkittendanger
Follow
Send a Message
Quizzes Created
-
Created Quiz Play Count
-
More By This Creator
Popular Quizzes Today
1
Find the US States - No Outlines Minefield
2
Countries of Asia Without Outlines Minefield
3
Pick 6: Fruits
4
The Countries of the World
5
Alphabetical 'K' Countries by Flag Minefield
6
Find the US States
7
Click the 1999 NBA Draft
8
Match the Book to the Film X
More Sports Quizzes
Who Eliminated Me?
Published
Trending Quizzes
Pick 6: Harry Potter
Pick 6: Mountains
Pick 6: NFL Teams
Pick 6: Movie Franchises
Pick 6: Golfers
Recently Updated
Women's Final Four Teams by Year
bhenderson79
Presidents Quartet II
eogle
Anything But Clue(do)
eogle
Anything But Oceanian Capitals
eogle
Anything But 7
eogle
Anything But Thing
eogle
Word Ladder: February 29
pecheneg
Song Title Questions
pecheneg
Women's NCAA Tournament #1 Seeds
pecheneg
Celebrity Mug Shots
pecheneg
Trending Topics
NBA
Disney
Anime
Marvel
Harry Potter
Kpop
Crossword
NFL
Country
Pokémon
Puzzle
Song
WWE
Soccer
The Office
Your Account Isn't Verified!
In order to create a playlist on Sporcle, you need to verify the email address you used during registration. Go to your
Sporcle Settings
to finish the process.
Report this User
Report this user for behavior that violates our
Community Guidelines
.
Details:
Send Report
Go to the Sporcle.com Mobile Site →
Comments